[Event "GER CM03-A email"]
[Site "GER email"]
[Date "2016.06.26"]
[Round "?"]
[White "Fischer, Detlev"]
[Black "Pirs, Jernej"]
[Result "1/2-1/2"]
[WhiteElo "2330"]
[BlackElo "2349"]
[PlyCount "56"]
[EventDate "2016.??.??"]
[EventType "tourn (corr)"]
[EventRounds "13"]
[EventCountry "GER"]
[SourceTitle "Corr 2017"]
[Source "ChessBase"]
[SourceDate "2017.09.19"]
[SourceVersion "1"]
[SourceVersionDate "2017.09.19"]
[SourceQuality "1"]

1. d4 f5 2. g3 Nf6 3. Bg2 g6 4. Nf3 Bg7 5. 0-0 0-0 6. Re1 Ne4 7. c4 d6 8. Ng5 Nxg5 9. Bxg5 Nc6 10. Be3 e5 11. dxe5 dxe5 12. Bd5+ Kh8 13. Bxc6 bxc6 14. Qa4 Qe8 15. Bc5 Rf7 16. e3 Be6 17. Nc3 a5 18. Rad1 h6 19. b3 g5 20. Qa3 f4 21. exf4 gxf4 22. Ne4 Bg4 23. Rd3 Bh5 24. Qc1 Qc8 25. Qc3 f3 26. Ree3 Qh3 27. Rxf3 Bxf3 28. Rxf3 Rd8 1/2-1/2

[Event "GER CM03-A email"]
[Site "GER email"]
[Date "2016.06.26"]
[Round "?"]
[White "Kopsa, Petri"]
[Black "Pirs, Jernej"]
[Result "0-1"]
[WhiteElo "2372"]
[BlackElo "2349"]
[PlyCount "38"]
[EventDate "2016.??.??"]
[EventType "tourn (corr)"]
[EventRounds "13"]
[EventCountry "GER"]
[SourceTitle "Corr 2017"]
[Source "ChessBase"]
[SourceDate "2017.09.19"]
[SourceVersion "1"]
[SourceVersionDate "2017.09.19"]
[SourceQuality "1"]

1. g3 c5 2. c4 Nc6 3. Bg2 g6 4. Nc3 Bg7 5. Nf3 e5 6. 0-0 d6 7. a3 a5 8. Ne1 Be6 9. d3 Nge7 10. Nc2 d5 11. cxd5 Nxd5 12. Ne3 Nb6 13. Bxc6+ bxc6 14. Ne4 c4 15. Nxc4 Nxc4 16. dxc4 Qd4 17. Qxd4 exd4 18. Bd2 0-0 19. Rac1 Rfd8 0-1

[Event "GER M05-B email"]
[Site "GER email"]
[Date "2016.06.26"]
[Round "?"]
[White "Langer, Raimund"]
[Black "Pirs, Jernej"]
[Result "1/2-1/2"]
[WhiteElo "2376"]
[BlackElo "2349"]
[PlyCount "47"]
[EventDate "2016.??.??"]
[EventType "tourn (corr)"]
[EventRounds "15"]
[EventCountry "GER"]
[SourceTitle "Corr 2017"]
[Source "ChessBase"]
[SourceDate "2017.09.19"]
[SourceVersion "1"]
[SourceVersionDate "2017.09.19"]
[SourceQuality "1"]

1. d4 f5 2. g3 Nf6 3. Bg2 g6 4. Nf3 Bg7 5. 0-0 0-0 6. c4 d6 7. Nc3 c6 8. Rb1 a5 9. Qb3 h6 10. Be3 Na6 11. Rbd1 Kh7 12. Rfe1 Bd7 13. d5 Qe8 14. Bd4 cxd5 15. Bxf6 Bxf6 16. Nxd5 Nc5 17. Qa3 Qf7 18. Nb6 Rad8 19. e3 Bc6 20. Nd4 Bxg2 21. Kxg2 a4 22. b3 axb3 23. axb3 Bg7 24. Nb5 1/2-1/2

[Event "BdF-Diamant 07 email"]
[Site "GER email"]
[Date "2016.06.26"]
[Round "?"]
[White "Pirs, Jernej"]
[Black "Bartsch, Andreas"]
[Result "1-0"]
[WhiteElo "2349"]
[BlackElo "2252"]
[PlyCount "105"]
[EventDate "2016.??.??"]
[EventType "tourn (corr)"]
[EventRounds "15"]
[EventCountry "GER"]
[SourceTitle "Corr 2017"]
[Source "ChessBase"]
[SourceDate "2017.09.19"]
[SourceVersion "1"]
[SourceVersionDate "2017.09.19"]
[SourceQuality "1"]

1. e4 c5 2. Nc3 Nc6 3. Bb5 Nd4 4. Bc4 e6 5. Nge2 Nf6 6. 0-0 a6 7. a4 d5 8. exd5 exd5 9. Ba2 Bd6 10. d3 0-0 11. Nxd4 cxd4 12. Ne2 Bg4 13. h3 Bxe2 14. Qxe2 Qd7 15. Bg5 Rae8 16. Qf3 Re6 17. Bb3 h6 18. Bd2 Rfe8 19. Rfe1 Bc7 20. Rxe6 fxe6 21. a5 Qd6 22. g3 e5 23. c3 dxc3 24. Bxc3 Kh8 25. Kg2 Bb8 26. Qe2 Rd8 27. Qe1 Qe7 28. Qe2 Qd6 29. Re1 Qc6 30. Bxe5 d4+ 31. Kh2 Bxe5 32. Qxe5 Re8 33. Be6 Nd5 34. Re4 Nf6 35. Re2 Qf3 36. Rc2 Qxd3 37. Qf5 Qe4 38. Qxe4 Nxe4 39. Bc4 Nd6 40. Bd3 g5 41. Rc7 Kg8 42. Kg2 Kf8 43. b4 Re7 44. Rc5 Re1 45. Rd5 Ke7 46. Rxd4 Rd1 47. Kf3 Rd2 48. Ke3 Rb2 49. f4 Rb3 50. Kd2 Ke6 51. fxg5 hxg5 52. Kc2 Ra3 53. Kb2 1-0

[Event "GER M05-B email"]
[Site "GER email"]
[Date "2016.06.26"]
[Round "?"]
[White "Pirs, Jernej"]
[Black "Brasier, John"]
[Result "1/2-1/2"]
[WhiteElo "2349"]
[BlackElo "2396"]
[PlyCount "43"]
[EventDate "2016.??.??"]
[EventType "tourn (corr)"]
[EventRounds "15"]
[EventCountry "GER"]
[SourceTitle "Corr 2017"]
[Source "ChessBase"]
[SourceDate "2017.09.19"]
[SourceVersion "1"]
[SourceVersionDate "2017.09.19"]
[SourceQuality "1"]

1. e4 e5 2. Nf3 Nc6 3. Bb5 a6 4. Ba4 Nf6 5. 0-0 Be7 6. Re1 b5 7. Bb3 0-0 8. h3 Bb7 9. d3 d5 10. exd5 Nxd5 11. Nxe5 Nd4 12. Nd2 c5 13. c3 Nxb3 14. Nxb3 Qc7 15. a4 Bd6 16. Nf3 Rad8 17. axb5 axb5 18. Bd2 Nb6 19. d4 Na4 20. dxc5 Nxc5 21. Nxc5 Bxc5 22. Nd4 1/2-1/2

[Event "GER CM03-C email"]
[Site "GER email"]
[Date "2016.06.26"]
[Round "?"]
[White "Pirs, Jernej"]
[Black "Jankowiak, Andreas"]
[Result "1/2-1/2"]
[WhiteElo "2349"]
[BlackElo "2317"]
[PlyCount "29"]
[EventDate "2016.??.??"]
[EventType "tourn (corr)"]
[EventRounds "13"]
[EventCountry "GER"]
[SourceTitle "Corr 2017"]
[Source "ChessBase"]
[SourceDate "2017.09.19"]
[SourceVersion "1"]
[SourceVersionDate "2017.09.19"]
[SourceQuality "1"]

1. e4 c6 2. d4 d5 3. e5 Bf5 4. Nf3 e6 5. Be2 c5 6. Be3 cxd4 7. Nxd4 Ne7 8. Nd2 Nbc6 9. N2f3 Be4 10. 0-0 Ng6 11. Ng5 Ngxe5 12. Nxe4 dxe4 13. c3 Bd6 14. Qc2 Nxd4 15. cxd4 1/2-1/2

[Event "BdF-Diamant 07 email"]
[Site "GER email"]
[Date "2016.06.26"]
[Round "?"]
[White "Pirs, Jernej"]
[Black "Koch, Hans Georg"]
[Result "1/2-1/2"]
[WhiteElo "2349"]
[BlackElo "2292"]
[PlyCount "69"]
[EventDate "2016.??.??"]
[EventType "tourn (corr)"]
[EventRounds "15"]
[EventCountry "GER"]
[SourceTitle "Corr 2017"]
[Source "ChessBase"]
[SourceDate "2017.09.19"]
[SourceVersion "1"]
[SourceVersionDate "2017.09.19"]
[SourceQuality "1"]

1. e4 e5 2. Nf3 Nf6 3. Nxe5 d6 4. Nf3 Nxe4 5. Nc3 Nxc3 6. dxc3 Be7 7. Be3 Nc6 8. Qd2 Be6 9. Ng5 Bxg5 10. Bxg5 Qd7 11. b3 f6 12. Be3 0-0-0 13. 0-0-0 Rde8 14. f3 Re7 15. Bf2 Bf7 16. Be2 Rhe8 17. Rhe1 g5 18. Bf1 Bg6 19. Rxe7 Rxe7 20. Kb2 Qf5 21. Bg3 Kb8 22. h3 a6 23. Bf2 Qd7 24. a4 Re8 25. Be2 Ne5 26. Re1 Re6 27. Bd1 Qe7 28. g3 f5 29. f4 gxf4 30. gxf4 Nd7 31. Bh4 Qf7 32. Rxe6 Qxe6 33. Bf3 Nc5 34. Bd5 Qe8 35. Qd4 1/2-1/2

[Event "GER CM03-C email"]
[Site "GER email"]
[Date "2016.06.26"]
[Round "?"]
[White "Pirs, Jernej"]
[Black "Laube, Bernd"]
[Result "1/2-1/2"]
[WhiteElo "2349"]
[BlackElo "2350"]
[PlyCount "23"]
[EventDate "2016.??.??"]
[EventType "tourn (corr)"]
[EventRounds "13"]
[EventCountry "GER"]
[SourceTitle "Corr 2017"]
[Source "ChessBase"]
[SourceDate "2017.09.19"]
[SourceVersion "1"]
[SourceVersionDate "2017.09.19"]
[SourceQuality "1"]

1. e4 c5 2. Nc3 Nc6 3. Bb5 Nd4 4. Bc4 a6 5. a4 e6 6. Nge2 Nf6 7. 0-0 d5 8. exd5 exd5 9. Ba2 Bd6 10. d3 Ne6 11. Kh1 Bb8 12. f4 1/2-1/2

[Event "GER M05-B email"]
[Site "GER email"]
[Date "2016.06.26"]
[Round "?"]
[White "Pirs, Jernej"]
[Black "Tiemann, Hagen"]
[Result "1-0"]
[WhiteElo "2349"]
[BlackElo "2361"]
[PlyCount "91"]
[EventDate "2016.??.??"]
[EventType "tourn (corr)"]
[EventRounds "15"]
[EventCountry "GER"]
[SourceTitle "Corr 2017"]
[Source "ChessBase"]
[SourceDate "2017.09.19"]
[SourceVersion "1"]
[SourceVersionDate "2017.09.19"]
[SourceQuality "1"]

1. e4 c5 2. Nc3 a6 3. f4 b5 4. g3 Bb7 5. Bg2 e6 6. d3 Nf6 7. Nf3 b4 8. e5 bxc3 9. exf6 cxb2 10. Bxb2 gxf6 11. Rb1 Be7 12. 0-0 Qc7 13. f5 h5 14. Rf2 Ra7 15. c4 Nc6 16. Bc3 Ba8 17. Nh4 Nd4 18. Rfb2 Bxg2 19. Rb8+ Bd8 20. Nxg2 e5 21. Ne3 Nc6 22. R8b2 Qd6 23. Nd5 Ra8 24. Qf3 Rb8 25. Rxb8 Nxb8 26. Bd2 Nc6 27. Be3 Kf8 28. Kh1 Nd4 29. Qe4 Nc6 30. Rb7 Nd4 31. g4 h4 32. h3 Kg7 33. Qg2 Rg8 34. Rb1 Nc6 35. Qg1 Nd4 36. Qf2 Rh8 37. g5 fxg5 38. f6+ Kf8 39. Bxg5 Ke8 40. Be3 Ne6 41. Qg2 a5 42. Bd2 a4 43. Bc3 Rh6 44. Qe4 Rh5 45. Rg1 Rg5 46. Re1 1-0